000
00260nam a2200109Ia 4500
008
200302s9999 xx 000 0 und d
100
_a
David Brandon
245
_a
Edinburgh Street furniture
260
_b
Amberley Publishing
260
_c
2011
300
_a
124 P.,
999
_c
4165
_d
4165